Score 0/36 Timer 08:00
1 Play Today
Question Answer % Correct
What is the Dursley's address?Number 4, Privet Drive, Little Whinging, Surrey
77.2%
What magical creature's blood will keep you alive even if you are an inch from death?Unicorn
75.4%
When Draco challenges Harry to a midnight duel, who does Draco choose as his second?Vincent Crabbe
75%
Who did Hagrid borrow the flying motorcycle from when he delivered baby Harry to Privet Drive?Sirius Black
73.2%
From what country was the snake that Harry spoke with at the zoo?Brazil
71.2%
How many days had Harry been in the infirmary when he awoke after defeating Quirrell/Voldemort?3 days
70.6%
While visiting Harry in the infirmary, Dumbledore ate what flavored Bertie Bott's bean?Ear wax
70.4%
What musical instrument did Harry play to get past Fluffy?The Flute
68.1%
Who is the only known maker of the Sorcerer's Stone?Nicolas Flamel
68%
What chess piece was Harry during the chess game?Bishop
66%
Who gives Harry his Nimbus 2000?Professor McGonagall
65.9%
While under his invisibility cloak, who does Harry pretend to be in order to chase away Peeves?Bloody Baron
65.3%
What kind of dragon is Norbert?Norwegian Ridgeback
64.8%
What does Hermione use to dispel the Devil's Snare that Harry and Ron are trapped in?Bluebell flames
61.3%
How does Harry recognize the correct flying key when going after the Sorcerer's Stone?It had a bent wing
60.5%
Who scores the first point for Gryffindor in Harry's first Quidditch game?Angelina Johnson
58.2%
Who said 'I'm worth twelve of you, Malfoy' during the Gryffindor/Hufflepuff game?Neville Longbottom
56.5%
What do Fred and George promise to send Ginny from Hogwarts?A toilet seat
56.1%
Question Answer % Correct
What is the name of Dudley's best friend who goes to the zoo with Harry and the Dursley's?Piers Polkiss
51%
What does Dumbledore tell Harry his father did that Snape could never forgive?Saved his life
47.4%
In what year did Dumbledore defeat Grindelwald?1945
42%
What did the Dursleys send Harry for Christmas that Ron was so fascinated with?50 pence piece
41.8%
To what tune did the Weasley twins sing the school song?A very slow funeral march
40.9%
What vault number at Gringott's was the Sorcerer's Stone retrieved from?713
40.5%
What percentage did Flitwick tell Hermione (in secret) she got on his exam?112%
40.3%
In what book does Harry find Hedwig's name?A History of Magic
40.1%
What is the name of the company Vernon Dursley works for?Grunnings
36.4%
Who is the first Centaur Hagrid, Harry and Hermione meet in the Forbidden Forest during detention?Ronan
35.7%
Which bottle does Hermione tell Harry to drink from in order to get through the black fire?The smallest
35.4%
Name one of the two types of wild Dragon in Britain.Hebridean Black/Common Welsh Green
35.4%
What book did Snape take away from Harry, claiming library books were not allowed outside of school?Quidditch Through the Ages
32.5%
What present did Hagrid give Harry when he visited him in the infirmary?Photo album
31.6%
What is Hagrid's official title at Hogwarts?Keeper of Keys and Grounds
29%
What is the first password to Gryffindor tower?Caput Draconis
25.1%
What did the banner Dean painted for Harry's first Quidditch match say?Potter for President!
21.3%
What did Peeves throw at Percy as he was escorting the first years to their dorm?Walking sticks
13.7%
Remove Ads.
Support Sporcle.
Get the best of Sporcle when you Go Orange. This ad-free experience offers more features, more stats, and more fun while also helping to support Sporcle. Thank you for becoming a member.

You're not logged in!

Compare scores with friends on all Sporcle quizzes.
OR
Log In

Show Comments

Extras

Top Quizzes Today


Score Distribution

Your Account Isn't Verified!

In order to create a playlist on Sporcle, you need to verify the email address you used during registration. Go to your Sporcle Settings to finish the process.

Report this User

Report this user for behavior that violates our Community Guidelines.

Details: